[Event "Dziedzica Memrial 11th"]
[Site "Trzcianka"]
[Date "2021.10.24"]
[Round "4"]
[White "Barski, Radoslaw"]
[Black "Bakalarz, Leszek"]
[Result "1-0"]
[WhiteElo "2456"]
[BlackElo "1947"]
[PlyCount "40"]
[EventDate "2021.10.24"]
[EventType "swiss (rapid)"]
[EventRounds "9"]
[EventCountry "POL"]
[SourceTitle "CBM 204 Extra"]
[Source "ChessBase"]
[SourceDate "2021.11.30"]
[SourceVersion "1"]
[SourceVersionDate "2021.11.30"]
[SourceQuality "1"]

1. e4 c5 2. Nf3 d6 3. d4 cxd4 4. Nxd4 Nf6 5. Nc3 g6 6. Be3 Bg7 7. f3 0-0 8. Qd2 Nc6 9. Bc4 Bd7 10. h4 Rc8 11. Bb3 Ne5 12. h5 Nxh5 13. 0-0-0 a5 14. g4 Nf6 15. Bh6 Bxh6 16. Qxh6 Rxc3 17. bxc3 Bxg4 18. fxg4 Nexg4 19. Ne6 Nxh6 20. Nxd8 Nhg4 1-0

[Event "Krakow op-B 29th"]
[Site "Krakow"]
[Date "2018.12.30"]
[Round "5"]
[White "Brylski, Pawel"]
[Black "Bakalarz, Leszek"]
[Result "1-0"]
[WhiteElo "1975"]
[BlackElo "1927"]
[PlyCount "81"]
[EventDate "2018.12.27"]
[EventType "swiss"]
[EventRounds "9"]
[EventCountry "POL"]
[SourceTitle "CBM 189 Extra"]
[Source "ChessBase"]
[SourceDate "2019.06.03"]
[SourceVersion "1"]
[SourceVersionDate "2019.06.03"]
[SourceQuality "1"]

1. d4 Nf6 2. c4 c5 3. d5 e6 4. Nc3 exd5 5. cxd5 d6 6. e4 g6 7. Nf3 Bg7 8. h3 0-0 9. Bd3 Re8 10. 0-0 c4 11. Bxc4 Nxe4 12. Nxe4 Rxe4 13. Qc2 Re8 14. Bg5 Qc7 15. Rac1 Qb6 16. Rfe1 Bd7 17. Be3 Qd8 18. Qd2 b5 19. Bf1 Na6 20. a4 Nc5 21. Bxc5 dxc5 22. Rxe8+ Bxe8 23. axb5 Qb6 24. Qe3 Bxb5 25. Bxb5 Qxb5 26. Rxc5 Qxb2 27. d6 Qb1+ 28. Kh2 Qd1 29. Nd2 Qa4 30. Rd5 Qd7 31. g3 Bf8 32. Ne4 Qe6 33. Qd4 Bg7 34. Qd3 Rd8 35. d7 a5 36. Rxa5 f5 37. Ng5 Qxd7 38. Qc4+ Kf8 39. Ne6+ Ke7 40. Nxd8 Kxd8 41. Rd5 1-0

[Event "Krakow op-B 29th"]
[Site "Krakow"]
[Date "2018.12.29"]
[Round "4"]
[White "Bakalarz, Leszek"]
[Black "Slabek, Grzegorz"]
[Result "1-0"]
[WhiteElo "1927"]
[BlackElo "1967"]
[PlyCount "83"]
[EventDate "2018.12.27"]
[EventType "swiss"]
[EventRounds "9"]
[EventCountry "POL"]
[SourceTitle "CBM 189 Extra"]
[Source "ChessBase"]
[SourceDate "2019.06.03"]
[SourceVersion "1"]
[SourceVersionDate "2019.06.03"]
[SourceQuality "1"]

1. e4 d5 2. exd5 Nf6 3. d4 Nxd5 4. c4 Nb6 5. Nf3 g6 6. Nc3 Bg7 7. Be3 0-0 8. h3 c6 9. Qd2 Re8 10. 0-0-0 Be6 11. b3 a5 12. a4 Na6 13. Ng5 Bc8 14. f4 Nb4 15. Na2 Nxa2+ 16. Qxa2 Qc7 17. g4 f6 18. Nf3 Be6 19. Bd3 Bf7 20. Rhe1 Nd7 21. Qc2 Qd6 22. Kb1 b5 23. cxb5 cxb5 24. Bxb5 Rec8 25. Qb2 Nb6 26. Rc1 Nd5 27. Bd2 Nxf4 28. Rxc8+ Rxc8 29. Bxa5 Qd5 30. Nd2 f5 31. Bc3 fxg4 32. hxg4 Qd6 33. Nc4 Bxc4 34. Bxc4+ Rxc4 35. bxc4 Nd3 36. c5 Qf4 37. Qb3+ Kf8 38. Rd1 Nf2 39. Rf1 Bxd4 40. Bxd4 Qxd4 41. Qf3+ Kg7 42. Rxf2 1-0

[Event "POL-chT 2nd League"]
[Site "Jastrzebia Gora"]
[Date "2015.09.06"]
[Round "2.62"]
[White "Tustanowski, Robert"]
[Black "Bakalarz, Leszek"]
[Result "1-0"]
[WhiteElo "2226"]
[BlackElo "2124"]
[PlyCount "79"]
[EventDate "2015.09.05"]
[EventType "team-swiss"]
[EventRounds "9"]
[EventCountry "POL"]
[SourceTitle "EXT 2017"]
[Source "ChessBase"]
[SourceDate "2016.10.25"]
[SourceVersion "1"]
[SourceVersionDate "2016.10.25"]
[SourceQuality "1"]
[WhiteTeam "Prudnik LKS Zarzewie"]
[BlackTeam "Victoria Komplexbud"]
[WhiteTeamCountry "POL"]
[BlackTeamCountry "POL"]

1. e4 c5 2. Nf3 d6 3. c3 Nf6 4. Be2 g6 5. 0-0 Bg7 6. Re1 0-0 7. Bf1 Nc6 8. h3 e5 9. d3 d5 10. Nbd2 h6 11. exd5 Nxd5 12. Nc4 Re8 13. a4 Nb6 14. Ne3 a5 15. Nd2 Be6 16. Ndc4 Nxc4 17. dxc4 Qxd1 18. Rxd1 f5 19. Nd5 Rac8 20. Ra3 Red8 21. Rb3 Rd7 22. Be3 Kh7 23. Bxc5 e4 24. Rb5 g5 25. Be2 Kg6 26. Bb6 f4 27. Bxa5 Ra8 28. Bb4 Rxa4 29. Re1 Ra6 30. Bd1 Na7 31. Bc2 Bf5 32. Ra5 Rxa5 33. Bxa5 Nc6 34. Bb6 Ne5 35. Bxe4 Nxc4 36. Ne7+ Rxe7 37. Bxf5+ Kf7 38. Bg6+ Kxg6 39. Rxe7 Nxb6 40. Re6+ 1-0

[Event "Krakow op-A 23rd"]
[Site "Krakow"]
[Date "2013.01.03"]
[Round "8"]
[White "Bakalarz, Leszek"]
[Black "Janus, Przemyslaw"]
[Result "1/2-1/2"]
[WhiteElo "2178"]
[BlackElo "2135"]
[PlyCount "43"]
[EventDate "2012.12.27"]
[EventType "swiss"]
[EventRounds "9"]
[EventCountry "POL"]
[SourceTitle "CBM 152 Extra"]
[Source "ChessBase"]
[SourceDate "2013.02.25"]
[SourceVersion "1"]
[SourceVersionDate "2013.02.25"]
[SourceQuality "1"]

1. e4 c5 2. Nf3 d6 3. d4 cxd4 4. Nxd4 Nf6 5. Nc3 g6 6. Be3 Bg7 7. f3 Nc6 8. Qd2 0-0 9. 0-0-0 Nxd4 10. Bxd4 Be6 11. Kb1 Qc7 12. h4 Rfc8 13. a3 Qa5 14. h5 Rab8 15. hxg6 hxg6 16. Bd3 a6 17. g4 b5 18. Bxf6 Bxf6 19. Nd5 Qxd2 20. Nxf6+ Kg7 21. Rxd2 Kxf6 22. Rdh2 1/2-1/2

[Event "Krakow op-A 23rd"]
[Site "Krakow"]
[Date "2012.12.28"]
[Round "2"]
[White "Bakalarz, Leszek"]
[Black "Brodowski, Piotr"]
[Result "0-1"]
[WhiteElo "2178"]
[BlackElo "2422"]
[PlyCount "59"]
[EventDate "2012.12.27"]
[EventType "swiss"]
[EventRounds "9"]
[EventCountry "POL"]
[SourceTitle "CBM 152 Extra"]
[Source "ChessBase"]
[SourceDate "2013.02.25"]
[SourceVersion "1"]
[SourceVersionDate "2013.02.25"]
[SourceQuality "1"]

1. e4 Nc6 2. Nf3 d6 3. d4 Nf6 4. Nc3 Bg4 5. Be3 e5 6. d5 Ne7 7. Be2 Ng6 8. h3 Bd7 9. 0-0 Be7 10. Kh2 h6 11. g3 0-0 12. Ng1 c6 13. Bf3 Qc8 14. Rc1 Re8 15. Bg2 Nh7 16. Qd3 Bf8 17. h4 Ne7 18. f3 Nf6 19. dxc6 bxc6 20. b3 Ng6 21. Bh3 Rd8 22. Bf2 d5 23. Qe2 Bb4 24. Be1 Bc5 25. Bf2 Bd4 26. Qe1 Bxc3 27. Qxc3 dxe4 28. Bxd7 Qxd7 29. Rcd1 Qe6 30. Qa5 0-1

[Event "Rowy op 09"]
[Site "Rowy"]
[Date "2012.09.??"]
[Round "6"]
[White "Bakalarz, Leszek"]
[Black "Najdzionek, Boleslaw"]
[Result "1-0"]
[WhiteElo "2161"]
[BlackElo "1921"]
[PlyCount "47"]
[EventDate "2012.09.??"]
[EventType "swiss"]
[EventRounds "9"]
[EventCountry "POL"]
[SourceTitle "EXT 2014"]
[Source "ChessBase"]
[SourceDate "2013.11.20"]
[SourceVersion "1"]
[SourceVersionDate "2013.11.20"]
[SourceQuality "1"]

1. e4 g6 2. d4 d6 3. c4 c6 4. Nc3 Bg7 5. Be3 Nf6 6. h3 Qa5 7. Qd2 h5 8. a3 Nbd7 9. b4 Qc7 10. f4 a5 11. Rb1 axb4 12. axb4 e5 13. fxe5 dxe5 14. d5 b6 15. Bd3 Bb7 16. Nf3 0-0 17. 0-0 Ne8 18. c5 cxd5 19. exd5 bxc5 20. bxc5 Nxc5 21. Nb5 Qb6 22. Rfc1 Rc8 23. Rxc5 Rxc5 24. Qf2 1-0

[Event "Rowy op 09"]
[Site "Rowy"]
[Date "2012.09.??"]
[Round "8"]
[White "Pioch, Zygmunt"]
[Black "Bakalarz, Leszek"]
[Result "1-0"]
[WhiteElo "2120"]
[BlackElo "2161"]
[PlyCount "83"]
[EventDate "2012.09.??"]
[EventType "swiss"]
[EventRounds "9"]
[EventCountry "POL"]
[SourceTitle "EXT 2014"]
[Source "ChessBase"]
[SourceDate "2013.11.20"]
[SourceVersion "1"]
[SourceVersionDate "2013.11.20"]
[SourceQuality "1"]

1. e4 c5 2. Nf3 d6 3. d4 cxd4 4. Nxd4 Nf6 5. Nc3 g6 6. Bc4 Bg7 7. h3 0-0 8. Bb3 Nc6 9. Be3 Bd7 10. 0-0 Rc8 11. Re1 Ne5 12. Nf3 Nc4 13. Bxc4 Rxc4 14. e5 Ne8 15. Bg5 Be6 16. Nd5 Bxd5 17. Qxd5 Rc7 18. Rad1 h6 19. Bh4 g5 20. Bg3 e6 21. Qd3 d5 22. c4 Rd7 23. b4 Qe7 24. c5 Nc7 25. Nd4 Rdd8 26. Rc1 Rc8 27. b5 f5 28. f3 h5 29. Bf2 h4 30. Re2 Ne8 31. c6 b6 32. Kh1 Rf7 33. Bg1 Bh6 34. Rf1 Ng7 35. a4 Nh5 36. Bh2 Rg7 37. Qd2 Rg6 38. Qc2 Qc5 39. Qd3 Kf7 40. Nxf5 Bf8 41. Nd6+ Bxd6 42. exd6 1-0

[Event "Rheinland Pfalz op 2nd"]
[Site "Schweich"]
[Date "2010.07.18"]
[Round "6"]
[White "Bakalarz, Leszek"]
[Black "Hegermann, Frank"]
[Result "1/2-1/2"]
[WhiteElo "2153"]
[BlackElo "2162"]
[PlyCount "113"]
[EventDate "2010.07.16"]
[EventType "swiss"]
[EventRounds "7"]
[EventCountry "GER"]
[SourceTitle "EXT 2012"]
[Source "ChessBase"]
[SourceDate "2011.11.24"]
[SourceVersion "1"]
[SourceVersionDate "2011.11.24"]
[SourceQuality "1"]

1. e4 c5 2. Nf3 g6 3. d4 cxd4 4. Nxd4 Nc6 5. c4 Nf6 6. Nc3 d6 7. Be2 Nxd4 8. Qxd4 Bg7 9. Be3 0-0 10. Qd2 Be6 11. Rc1 Qa5 12. b3 a6 13. f3 Rfc8 14. 0-0 b5 15. Nd5 Qxd2 16. Bxd2 Bxd5 17. cxd5 Nd7 18. Be3 Bb2 19. Rb1 Ba3 20. b4 Rc2 21. Bd3 Rc3 22. Rb3 Rxb3 23. axb3 Bxb4 24. Ra1 Bc5 25. Bxc5 Nxc5 26. Bxb5 Nxb3 27. Rxa6 Rxa6 28. Bxa6 g5 29. Kf2 Kg7 30. Ke3 Kf6 31. g3 Nc5 32. Bc4 Kg6 33. Kd4 h6 34. Ba2 f6 35. Bc4 Kf7 36. f4 gxf4 37. gxf4 Kg6 38. Be2 Nd7 39. Bg4 Nc5 40. h4 Nb3+ 41. Ke3 Nc5 42. h5+ Kf7 43. Bd1 Kg7 44. Kd4 Kf8 45. Bc2 Kg7 46. Kc4 Kf8 47. Kb5 Ke8 48. Kc6 Kd8 49. e5 fxe5 50. fxe5 Na6 51. Bb3 dxe5 52. d6 e4 53. dxe7+ Kxe7 54. Kd5 e3 55. Bc4 Nb4+ 56. Ke4 Kf6 57. Kxe3 1/2-1/2

[Event "Rheinland Pfalz op 2nd"]
[Site "Schweich"]
[Date "2010.07.18"]
[Round "7"]
[White "Dany, Alexander"]
[Black "Bakalarz, Leszek"]
[Result "0-1"]
[WhiteElo "2088"]
[BlackElo "2153"]
[PlyCount "114"]
[EventDate "2010.07.16"]
[EventType "swiss"]
[EventRounds "7"]
[EventCountry "GER"]
[SourceTitle "EXT 2012"]
[Source "ChessBase"]
[SourceDate "2011.11.24"]
[SourceVersion "1"]
[SourceVersionDate "2011.11.24"]
[SourceQuality "1"]

1. e4 c5 2. b3 Nc6 3. Bb2 d6 4. Nf3 Nf6 5. Nc3 a6 6. d4 cxd4 7. Nxd4 Qa5 8. Qd2 Bd7 9. Nd5 Qxd2+ 10. Kxd2 Rc8 11. f3 e5 12. Nxc6 Bxc6 13. c4 Bxd5 14. cxd5 g6 15. Bd3 h5 16. f4 Bh6 17. Ke2 Bxf4 18. Raf1 Ke7 19. Rf3 Rh7 20. Rhf1 Nd7 21. g3 Bh6 22. Ba3 f6 23. b4 b5 24. Bb2 Rf7 25. a4 bxa4 26. Ra1 Nb6 27. Kd1 Ra8 28. Bc2 a5 29. b5 Rff8 30. Rc3 Rac8 31. Rc6 Rxc6 32. dxc6 Be3 33. Bxa4 Nxa4 34. Rxa4 Bb6 35. Bc3 Ke6 36. Ke2 d5 37. Kd3 f5 38. exf5+ gxf5 39. Rh4 Rh8 40. Ra4 Ra8 41. Rh4 e4+ 42. Kc2 d4 43. Be1 a4 44. Kb2 e3 45. Rxh5 a3+ 46. Ka2 d3 47. Rh6+ Kd5 48. Rh7 Kc5 49. Rd7 Rd8 50. c7 Rc8 51. Kxa3 Rxc7 52. Rxc7+ Bxc7 53. Kb2 Be5+ 54. Kc1 Kxb5 55. h4 Kc4 56. h5 Bc3 57. Kd1 d2 0-1

[Event "Rheinland Pfalz op 2nd"]
[Site "Schweich"]
[Date "2010.07.16"]
[Round "3"]
[White "Bakalarz, Mietek"]
[Black "Bakalarz, Leszek"]
[Result "1/2-1/2"]
[WhiteElo "2324"]
[BlackElo "2153"]
[PlyCount "39"]
[EventDate "2010.07.16"]
[EventType "swiss"]
[EventRounds "7"]
[EventCountry "GER"]
[SourceTitle "EXT 2012"]
[Source "ChessBase"]
[SourceDate "2011.11.24"]
[SourceVersion "1"]
[SourceVersionDate "2011.11.24"]
[SourceQuality "1"]

1. d4 Nf6 2. Nf3 d5 3. Bg5 e6 4. e3 Be7 5. Bd3 Nbd7 6. 0-0 h6 7. Bh4 b6 8. c4 0-0 9. Nc3 Bb7 10. cxd5 Nxd5 11. Bxe7 Qxe7 12. Nxd5 exd5 13. Rc1 c5 14. dxc5 Nxc5 15. Qe2 Rac8 16. Rfd1 Rc7 17. b4 Nxd3 18. Rxc7 Qxc7 19. Qxd3 Rc8 20. h3 1/2-1/2

[Event "Krakow op 20th"]
[Site "Krakow"]
[Date "2010.01.02"]
[Round "7"]
[White "Bakalarz, Leszek"]
[Black "Wiewiora, Eneasz"]
[Result "1/2-1/2"]
[WhiteElo "2137"]
[BlackElo "2056"]
[PlyCount "136"]
[EventDate "2009.12.27"]
[EventType "swiss"]
[EventRounds "9"]
[EventCountry "POL"]
[SourceTitle "CBM 134 Extra"]
[Source "ChessBase"]
[SourceDate "2010.03.03"]
[SourceVersion "1"]
[SourceVersionDate "2010.03.03"]
[SourceQuality "1"]

1. e4 e5 2. Nf3 Nc6 3. Bb5 a6 4. Ba4 Nf6 5. 0-0 b5 6. Bb3 Be7 7. Re1 0-0 8. c3 d5 9. exd5 Nxd5 10. Nxe5 Nxe5 11. Rxe5 c6 12. d3 Bd6 13. Re1 Qh4 14. g3 Qh3 15. Re4 Bd7 16. Rh4 Qf5 17. Nd2 Rfe8 18. Ne4 Be7 19. Rh5 Qg6 20. h3 Nf6 21. Rg5 Qh6 22. Re5 Qg6 23. Rg5 Qh6 24. Rxb5 Qg6 25. Rg5 Qh6 26. Rg4 Bxg4 27. hxg4 Qg6 28. Nxf6+ Bxf6 29. Bc2 Bg5 30. d4 Qh6 31. Bxg5 Qxg5 32. Bd3 g6 33. Be2 Rab8 34. b3 a5 35. Bf3 c5 36. d5 Qe5 37. Qd3 Qd6 38. Kg2 Re7 39. Qc4 Re5 40. Qa4 Qc7 41. Rd1 Rd8 42. Qb5 Rd6 43. a3 Re7 44. g5 Qb6 45. Qc4 Qc7 46. Qh4 Qb6 47. Rh1 f5 48. gxf6 Rxf6 49. Rd1 Ref7 50. Rd3 Qxb3 51. Qe4 c4 52. Re3 Qxa3 53. Qxc4 Qf8 54. d6 Qxd6 55. Bd5 Rxf2+ 56. Kh3 Qf6 57. Bxf7+ Qxf7 58. Re6 Kg7 59. Qd4+ Rf6 60. Re5 h5 61. Rxa5 Qe6+ 62. Kh4 Qe1 63. Ra2 g5+ 64. Kxg5 Qxg3+ 65. Kxh5 Qh3+ 66. Kg5 Qg3+ 67. Kh5 Qh3+ 68. Kg5 Qg3+ 1/2-1/2

[Event "Krakow op 20th"]
[Site "Krakow"]
[Date "2009.12.30"]
[Round "4"]
[White "Bakalarz, Leszek"]
[Black "De Wachter, Matthias"]
[Result "1-0"]
[WhiteElo "2137"]
[BlackElo "2291"]
[PlyCount "105"]
[EventDate "2009.12.27"]
[EventType "swiss"]
[EventRounds "9"]
[EventCountry "POL"]
[SourceTitle "CBM 134 Extra"]
[Source "ChessBase"]
[SourceDate "2010.03.03"]
[SourceVersion "1"]
[SourceVersionDate "2010.03.03"]
[SourceQuality "1"]

1. e4 c5 2. Nf3 e6 3. d4 cxd4 4. Nxd4 a6 5. Bd3 d6 6. 0-0 Nf6 7. c4 b6 8. Nc3 Bb7 9. f4 g6 10. Be3 Nbd7 11. b4 Bg7 12. h3 0-0 13. Qd2 e5 14. Nf3 Nh5 15. fxe5 Nxe5 16. Nxe5 Bxe5 17. Rae1 Qh4 18. Ne2 Ng3 19. Nxg3 Qxg3 20. Bf4 Bxf4 21. Rxf4 a5 22. b5 Rac8 23. Ref1 Rc5 24. Rf6 Bc8 25. R1f3 Qe5 26. Qf4 Qxf4 27. R3xf4 Be6 28. Kf2 Rd8 29. Ke3 Kg7 30. h4 h6 31. Rf2 Rd7 32. Kd4 Bf5 33. R6xf5 gxf5 34. Rxf5 Re7 35. Rf4 h5 36. Be2 Re6 37. Rf1 Rf6 38. Rf3 Rg6 39. g3 Re5 40. Bd3 Rg4 41. Ke3 f5 42. Rxf5 Rxf5 43. exf5 Kf6 44. Kf2 d5 45. Be2 Rxc4 46. Bxc4 dxc4 47. Ke3 Kxf5 48. Kd4 a4 49. Kxc4 Ke4 50. a3 Ke5 51. Kd3 Kd5 52. Ke3 Ke5 53. Kf3 1-0

[Event "Krakow op 20th"]
[Site "Krakow"]
[Date "2009.12.27"]
[Round "1"]
[White "Bakalarz, Leszek"]
[Black "Khaetsky, Roman"]
[Result "0-1"]
[WhiteElo "2137"]
[BlackElo "2386"]
[PlyCount "86"]
[EventDate "2009.12.27"]
[EventType "swiss"]
[EventRounds "9"]
[EventCountry "POL"]
[SourceTitle "CBM 134 Extra"]
[Source "ChessBase"]
[SourceDate "2010.03.03"]
[SourceVersion "1"]
[SourceVersionDate "2010.03.03"]
[SourceQuality "1"]

1. e4 Nc6 2. Nf3 d6 3. d4 Nf6 4. Nc3 Bg4 5. d5 Nb8 6. Be2 g6 7. Be3 Bg7 8. Qd2 0-0 9. h3 Bxf3 10. Bxf3 c6 11. 0-0 Nbd7 12. a4 a5 13. Rad1 Rc8 14. dxc6 bxc6 15. b3 Qc7 16. Be2 Nb6 17. f4 d5 18. exd5 Nbxd5 19. Bd4 Rcd8 20. Nxd5 Rxd5 21. Bf3 Ne4 22. Qe3 Bxd4 23. Rxd4 Rxd4 24. Qxd4 Ng3 25. Re1 Nf5 26. Qc5 Qxf4 27. Qxa5 Qd4+ 28. Kh2 Nh4 29. Qe5 Nxf3+ 30. gxf3 Qf2+ 31. Kh1 Qxf3+ 32. Kg1 Qxh3 33. a5 Rd8 34. Qh2 Qg4+ 35. Qg2 Qb4 36. Qe4 Qxa5 37. Qxe7 Rd5 38. Re3 Qd2 39. c4 Rf5 40. Re2 Rg5+ 41. Kf1 Qd1+ 42. Kf2 Qg1+ 43. Kf3 Qg3+ 0-1

[Event "Warsaw AIG Life rapid 9th"]
[Site "Warsaw"]
[Date "2009.12.20"]
[Round "13"]
[White "Bakalarz, Leszek"]
[Black "Nedilko, Vasily"]
[Result "0-1"]
[WhiteElo "2137"]
[BlackElo "2400"]
[PlyCount "53"]
[EventDate "2009.12.19"]
[EventType "swiss (rapid)"]
[EventRounds "13"]
[EventCountry "POL"]
[SourceTitle "CBM 133 Extra"]
[Source "ChessBase"]
[SourceDate "2010.01.05"]
[SourceVersion "1"]
[SourceVersionDate "2010.01.05"]
[SourceQuality "1"]

1. e4 c5 2. Nf3 d6 3. d4 cxd4 4. Nxd4 Nf6 5. Nc3 a6 6. Bg5 e6 7. f4 Be7 8. Qf3 Qc7 9. 0-0-0 Nbd7 10. g4 b5 11. Bxf6 Nxf6 12. g5 Nd7 13. f5 Bxg5+ 14. Kb1 Ne5 15. Qg3 Qe7 16. Bxb5+ axb5 17. Ndxb5 0-0 18. Nxd6 Bf6 19. a4 Ba6 20. b3 Rfd8 21. Ndb5 Bxb5 22. Nxb5 Qb4 23. fxe6 fxe6 24. Qc3 Qxe4 25. Rxd8+ Rxd8 26. Re1 Qd5 27. Nc7 0-1

[Event "Warsaw AIG Life rapid 9th"]
[Site "Warsaw"]
[Date "2009.12.19"]
[Round "2"]
[White "Rozentalis, Eduardas"]
[Black "Bakalarz, Leszek"]
[Result "1-0"]
[WhiteElo "2611"]
[BlackElo "2137"]
[PlyCount "43"]
[EventDate "2009.12.19"]
[EventType "swiss (rapid)"]
[EventRounds "13"]
[EventCountry "POL"]
[SourceTitle "CBM 133 Extra"]
[Source "ChessBase"]
[SourceDate "2010.01.05"]
[SourceVersion "1"]
[SourceVersionDate "2010.01.05"]
[SourceQuality "1"]

1. e4 c5 2. Nf3 d6 3. Bb5+ Bd7 4. Bxd7+ Qxd7 5. d4 Nf6 6. e5 dxe5 7. Nxe5 Qc7 8. Bf4 cxd4 9. 0-0 Qb6 10. Nd2 Nc6 11. Qf3 Nxe5 12. Bxe5 Nd7 13. Nc4 Qc5 14. Qxb7 Rd8 15. Bc7 Qxc4 16. Rad1 e5 17. Rfe1 Qb4 18. Qc6 Qc5 19. Rxe5+ Qxe5 20. Bxe5 Bc5 21. Bxg7 Rg8 22. Re1+ 1-0